000 00557pab a2200169 454500
008 180718b2015 xxu||||| |||| 00| 0 eng d
100 _aArdington, Cally
245 _aEarly childbearing, human capital attainment, and mortality risk: Evidence from a longitudinal demographic surveillance area in rural KwaZulu-Natal, South Africa
260 _c2015
300 _ap.281-371.
362 _aJan
650 _aBirth
700 _aMutevedzi, Tinofa
700 _aMenendez, Alicia
773 _aEconomic Development and Cultural Change
909 _a107588
999 _c107583
_d107583